[Event "FRA-ch op-B"]
[Site "Nimes"]
[Date "2009.08.22"]
[Round "11"]
[White "Masset, Jacques"]
[Black "Canterel, Remi"]
[Result "0-1"]
[WhiteElo "1946"]
[BlackElo "1842"]
[PlyCount "80"]
[EventDate "2009.08.11"]
[EventType "swiss"]
[EventRounds "11"]
[EventCountry "FRA"]
[SourceTitle "EXT 2011"]
[Source "ChessBase"]
[SourceDate "2010.11.26"]
[SourceVersion "1"]
[SourceVersionDate "2010.11.26"]
[SourceQuality "1"]

1. f4 Nf6 2. Nf3 b6 3. g3 Bb7 4. Bg2 e6 5. 0-0 d5 6. d3 Bc5+ 7. e3 0-0 8. Qe2 Nbd7 9. Nbd2 Re8 10. Ne5 Bd6 11. Ndf3 c5 12. Bd2 Qc7 13. Nxd7 Qxd7 14. Bc3 Qc7 15. Bxf6 gxf6 16. Nh4 Bf8 17. Qh5 Bg7 18. f5 Qe5 19. Rae1 Qc7 20. Rf4 e5 21. Rg4 Kh8 22. Nf3 h6 23. e4 dxe4 24. dxe4 Rad8 25. Rh4 Kg8 26. h3 c4 27. Bf1 Qc5+ 28. Kg2 Rd6 29. Rg4 Kf8 30. h4 Red8 31. Re2 Ba6 32. Rf2 b5 33. c3 b4 34. cxb4 Qxb4 35. b3 cxb3 36. Bxa6 b2 37. Nxe5 fxe5 38. f6 Rxf6 39. Rxf6 Bxf6 40. Qxh6+ Ke7 0-1